Protección informatica. En datos y programas, en gestión y operación, en equipos y redes, en internet. / Pierre Gratton (Registro nro. 19114)

Detalles MARC
000 -LÍDER
fixed length control field 00518nam a2200145 4500
008 - ELEMENTOS DE LONGITUD FIJA -- INFORMACIÓN GENERAL
fixed length control field 0 1998 0a 000 0MEX
020 ## - NÚMERO INTERNACIONAL NORMALIZADO PARA LIBROS
ISBN 968-24-3438-6
050 ## - SIGNATURA TOPOGRAFICA DE LA BIBLIOTECA DEL CONGRESO (LC)
Número de Clasificación QA76.9.A25 G7618 1998
082 ## - NUMERO DE CLASIFICACION DECIMAL DEWEY
Número de Clasificación 005.8 G659p
100 ## - ASIENTO PRINCIPAL--NOMBRE PERSONAL
Nombre personal Gratton, Pierre.
245 ## - TÍTULO
Título Protección informatica. En datos y programas, en gestión y operación, en equipos y redes, en internet. / Pierre Gratton
260 ## - PUBLICACIÓN, DISTRIBUCIÓN, ETC. (PIE DE IMPRENTA)
Lugar de publicación, distribución, etc. México : Trillas
300 ## - DESCRIPCIÓN FÍSICA
Extensión 272p. / 24 cm.
650 ## - ASIENTO SECUNDARIO DE MATERIA - TERMINO TEMÁTICO
Término temático o nombre geográfico como elemento de entrada 1. SEGURIDAD EN COMPUTADORAS 2. PROTECCIÒN DE DATOS
Existencias
No. biblioteca No. biblioteca Número de clasificación Código de barras/Número de adquisición Número de copia Tipo de material
LUIS G. INCLAN LUIS G. INCLAN 005.8 G659p 46032 1 Libros
LUIS G. INCLAN LUIS G. INCLAN 005.8 G659p 46999 2 Libros
Calzada Tecnológico # 27, Zacatepec, Morelos.
01(734) 343-07-23 / 343-21-10 / 343-21-11
Apdo. Postal 45 C.P 62780